000 00670nam a2200241Ia 4500
005 20260430150003.0
008 008 250103s9999 xx 000 0 eng d
037 _aTheses
040 _aCRL
040 _beng
040 _ceng
041 _2eng
041 _aeng
084 _qCRL
100 _aShrivastava Nihi Krishna Au.; Shakarad Mallikarjun Gu.
_91236120
245 0 _aStudy of immune function in drosophila melanogaster selected for divergent life history traits
260 _c2022
300 _a97p.
650 _aZoology
700 _aUniversity of Delhi. Faculty of Science. Department of Zoology
942 _cTH
999 _c1848661
_d1848661